Drapeaux de pays non-retenus - Statistiques

Statistiques générales
  • Ce quiz a été pris 25 fois
  • Le résultat moyen est 14 sur 24
Statistiques - réponses
Par images Hint Réponse % Correct
2008 Belgique
100%
1964 Canada
95%
1957 Irlande
91%
1910/1911 Portugal
91%
1848 Roumanie
91%
1801 Royaume-Uni
86%
1992 Australie
82%
2002 Nouvelle-Zélande
82%
1821 Mexique
77%
1892 Brésil
73%
1990 Croatie
68%
2001 Estonie
64%
1838 Serbie
64%
1815 France
50%
2006 Luxembourg
50%
1906 Taïwan
45%
1917 Lettonie
36%
1992 Afrique du Sud
27%
1926 Allemagne
27%
2011 Lituanie
27%
1978 Danemark
23%
1992 Ukraine
23%
1821 Norvège
14%
1918 Arménie
5%
Aucun quiz correspondant
Distribution des résultats
% des personnes avec chaque résultat
Percentile par nombre de réponses
Votre historique - résultats
Vous n’avez pas pris ce quiz